000 00354nam a22001337a 4500
999 _c1991
_d1991
008 200210b ||||| |||| 00| 0 eng d
020 _a8173194335
100 _91596
_aRamamurti, V.
245 1 0 _aMechanics of machines
_cby V. Ramamurti
260 _aNew Delhi
_bNarosa Publishing
_c2002
300 _axii,310p.
650 0 _aApplied Mechanics
942 _cBK